| 000 | 00548nam a2200169 i 4500 | ||
|---|---|---|---|
| 001 | 88186 | ||
| 003 | ES-MaACL | ||
| 005 | 20230906175821.0 | ||
| 007 | t| | ||
| 008 | 050103s1958 sp ||||1| spa d | ||
| 100 | 1 |
_aLahee, Frederic H. _969636 |
|
| 245 | 1 | 0 |
_aGeología práctica / _cFrederic H. Lahee ; traducción de la quinta edición americana por Rafael Candel Vila. |
| 260 |
_aBarcelona : _bOmega, _c[1958] ( _fCondal) |
||
| 300 |
_a874 p. : _bil. ; _c22 cm. |
||
| 700 | 1 |
_aCandel Vila, Rafael. _934451 |
|
| 852 |
_aES-MaACL _jC-15071 _bR.42923 |
||
| 999 |
_c88186 _d88186 |
||